| 000 | 00537nam a2200181Ia 4500 | ||
|---|---|---|---|
| 003 | OSt | ||
| 005 | 20200205153339.0 | ||
| 008 | 190216s9999||||xx |||||||||||||| ||und|| | ||
| 020 | _a9788192171876 | ||
| 040 | _coclc | ||
| 082 |
_a303.620954 _bKHA/K |
||
| 100 |
_a Khalidi, Omar _91768 |
||
| 245 | 0 |
_aKaakiyum Vargeeya Kalapangalum Indiayil / _cOmar Khalidi |
|
| 260 |
_bOlive Publications, _c2011. _aKozhikode: |
||
| 300 | _a241p | ||
| 650 | _aPolitics | ||
| 942 |
_cBK _2ddc _h303.620954 _iKHA/K _k303.620954 _mKHA/K |
||
| 999 |
_c35046 _d35046 |
||